Loreto College Library, Kolkata
WEBOPAC (ONLINE PUBLIC ACCESS CATALOGUE)

Nabin katha-kunja (Record no. 35875)

MARC details
000 -LEADER
fixed length control field 00449nam a2200181Ia 4500
005 - DATE AND TIME OF LATEST TRANSACTION
control field 20240821095923.0
008 - FIXED-LENGTH DATA ELEMENTS--GENERAL INFORMATION
fixed length control field 131103s9999 xx 000 0 und d
040 ## - CATALOGING SOURCE
Original cataloging agency Loreto College
041 ## - LANGUAGE CODE
Language code English
082 ## - DDC | ডিউই
Classification number | বর্গসংখ্যা 891.43
Book Number | গ্রন্থাঙ্ক MIS
245 ## - TITLE STATEMENT | অাখ্যা বিবরণী
Title | অাখ্যা Nabin katha-kunja
Statement of responsibility | লেখকের দায়িত্বের বিবরণ edited by Kishorikanta Mishra
260 ## - IMPRINT | প্রকাশনা ক্ষেত্র
Place of publication | প্রকাশ স্থান Kolkata
Name of publisher | প্রকাশকের নাম Nabin
Date of publication | প্রকাশ কাল 2002
300 ## - PHYSICAL DESCRIPTION |
Page / Vol. No | পৃষ্ঠা / খন্ড সংখ্যা 76p.
650 ## - SUBJECT ADDED ENTRY--TOPICAL TERM | বিষয় শিরোনাম - মূল বিষয়
Topical term | মূল বিষয় Hindi
700 ## - ADDED ENTRY--PERSONAL NAME | অতিরিক্ত সংলেখ - ব্
Personal name | ব্যাক্তিনাম Mishra, Kishorikanta; ed.
850 ## - HOLDING INSTITUTION
Holding institution LCBED
942 ## - ADDED ENTRY ELEMENTS (KOHA)
Koha item type Books
Holdings
Withdrawn status Lost status Source of classification Damaged status Not for loan Home library Current library Date acquired Total Checkouts Full call number Accession No. Date last seen Price effective from Koha item type Coded location qualifier
    Dewey Decimal Classification     Loreto College Loreto College 04/11/2013   891.43 MIS 14068 B38734 04/11/2013 04/11/2013 Books